La penisola italiana da Imperia a Trieste - Statistics

Statistiche generali
  • Questo quiz è stato fatto 437 volte
  • Il punteggio medio è 26 su 50
Statistiche sulle risposte
Provincia % Corretto
Imperia
99%
Savona
95%
Genova
93%
La Spezia
90%
Massa e Carrara
68%
Pisa
65%
Livorno
64%
Lucca
63%
Grosseto
61%
Roma
61%
Latina
60%
Napoli
60%
Salerno
60%
Caserta
59%
Viterbo
59%
Cosenza
58%
Catanzaro
56%
Potenza
56%
Reggio Calabria
56%
Vibo Valentia
56%
Lecce
50%
Taranto
50%
Bari
49%
Brindisi
49%
Catanzaro
49%
Crotone
49%
Matera
49%
Trieste
49%
Foggia
48%
Barletta-Andria-Trani
47%
Cosenza
47%
Campobasso
46%
Chieti
44%
Gorizia
44%
Pescara
43%
Udine
43%
Teramo
41%
Ancona
39%
Ascoli Piceno
39%
Forlì-Cesena
39%
Macerata
39%
Pesaro Urbino
39%
Rimini
39%
Fermo
38%
Ferrara
38%
Ravenna
38%
Venezia
38%
Rovigo
37%
Padova
36%
Venezia
36%
Nessun quiz corrispondente trovato
Distribuzione punteggi
Percentuale di utenti per punteggio
Percentile per numero di risposta
I tuoi punteggi nel tempo
Non hai fatto questo quiz